|
|
|
|
| LEADER |
00000nam a2200000 a 4500 |
| 003 |
Ucuenca |
| 005 |
20230324063532.0 |
| 006 |
a||||gr||||a001 0 |
| 007 |
ta |
| 008 |
221201t2005 mx aaaag ||||a001 0 spa a |
| 020 |
|
|
|a 970-666-422-x
|
| 040 |
|
|
|a UCuenca-cdrjbv
|b spa
|c UCuenca
|e rda
|
| 041 |
0 |
|
|a spa
|
| 082 |
0 |
|
|2 22
|a 153.1
|c 35227937
|
| 100 |
1 |
|
|9 272333
|a Galván, Josefa.
|e autor
|
| 245 |
1 |
0 |
|a Aprendizaje integral:
|b el cómo de la metodología de aprendizaje acelerado creada originalmente por el Dr. Georgi Lozanov /
|c Josefa Galván.
|
| 250 |
|
|
|a Segunda edición.
|
| 264 |
|
1 |
|a México:
|b Grupo Editorial Tomo,
|c 2005.
|
| 264 |
|
4 |
|c ©2005
|
| 300 |
|
|
|a 115 páginas:
|b ilu
|c 23 cm
|
| 336 |
|
|
|2 rdacontent
|a texto
|b txt
|
| 337 |
|
|
|2 rdamedia
|a no mediado
|b n
|
| 338 |
|
|
|2 rdacarrier
|a volumen
|b nc
|
| 504 |
|
|
|a incl. bibind.
|
| 505 |
1 |
|
|a Preguntas básicas -- El mundo en que vivimos -- Aprendizaje integral, elementos -- Cerebro. El milagro de vida -- Sofrología -- Sugestología -- Programación neurolinguitisca -- Respiración -- Sentidos -- Gimnasia cerebral -- Relajación -- Visualización -- Creatividad.
|
| 650 |
1 |
0 |
|a Aprendizaje
|9 2198
|
| 650 |
1 |
7 |
|2 UCuenca-cdrjbv
|9 23097
|a Cerebro
|
| 650 |
1 |
7 |
|2 UCuenca-cdrjbv
|9 2886
|a Programación neurolinguística
|
| 650 |
1 |
7 |
|2 UCuenca-cdrjbv
|9 33076
|a Sentidos
|
| 651 |
|
|
|2 UCuenca-cdrjbv
|
| 942 |
|
|
|2 ddc
|c BK
|z erika.idrovos@ucuenca.edu.ec
|
| 999 |
|
|
|c 160898
|d 160898
|